000 00858nam a2200241Ia 4500
008 130821s2001 ag gr spa
020 _a9501227138
040 _aCo-BoUCM
_bspa
041 0 0 _aspa
245 1 0 _aComunicación gubernamental
_cBelén Amadeo...[et al]; Compilador Oscar Andrés de Masi
260 _aBuenos Aires (Argentina)
_bPaidós
_c2001
300 _a217 páginas
490 _aPaidós.
_v13
_aEstudios de Comunicación
650 0 4 _aCiencia política
_9340
650 0 4 _aComunicación en política
_911367
650 0 4 _aMercadeo político
_919324
650 0 4 _aOpinión pública
_920772
650 0 4 _aPeriodismo
_921340
650 0 4 _aPolítica y medios de comunicación de masas
_922044
700 1 _aMasi, Oscar Andrés De
_ecomp.
_9162408
942 _cLIBRO
_a6
_e1
_mC741
_2DEWEY
_h324.7382
999 _c48229
_d48229